Jeff Satur songs - Statistics

General Stats
  • This quiz has been taken 4 times
  • The average score is 23 of 48
Answer Stats
Answer % Correct
Fade
100%
ลืมไปแล้วว่ายังไง (Fade)
100%
Fade (我最愛的就是你)
100%
ลืมไปแล้วว่าลืมยังไง (Fade) [Live Session]
100%
ซ่อน(ไม่)หา (Ghost)
100%
ซ่อน(ไม่)หา [Ghost] [Live Session]
100%
เหมือนวิวาห์ (Rain Wedding)
100%
Why Don’t You Stay
100%
แค่เธอ (Why Don’t You Stay)
100%
Black Tie
67%
Call it over
67%
ทำไมมันยาก (Complicated)
67%
Dum Dum
67%
Golden Night
67%
ของขวัญปีใหม่ (Golden Night)
67%
Hide
67%
แค่เงา (Hide)
67%
Highway
67%
วันนี้คือพรุ่งนี้ของเมื่อวาน (Loop)
67%
ฉันก่อนเจอเธอ (Lost and Found)
67%
Lucid
67%
ก่อนที่เธอจะลืมฝัน (Lucid)
67%
Passion Fruit
67%
Ride Or Die
67%
ส่วนน้อย (Yellow Leaf)
67%
Almost Over You
33%
ความลับ (Call Me Your Brother)
33%
ลามปาม (circus)
33%
Comedy
33%
Comedy (Tragedy)
33%
เวลานี้ (Moment) (From ”Ingredients”)
33%
Moment (From ”Ingredients”)
33%
Saturdayss
33%
Stranger
33%
Time Flies
33%
เพราะเธอ (Because Of You)
0%
Goodbye Not Goodbye
0%
อยู่ (Holding on)
0%
Last Christmas
0%
ทำได้แค่มอง (Look) (Ost. แอบจองรัก)
0%
ที่ตรงนี้ (Love Area) [From Love Area The Series]
0%
ความเงียบคือคำตอบ (Silence)
0%
แค่เธออยู่ (Stay Together) (From ครั้งหนึ่งเราเคยรักกัน Love Area The Series)
0%
Steal The Show
0%
จริงเกิน (Surreal)
0%
Tell Me The Name
0%
อุ่นหัวใจ (Warm Heart)
0%
อยากรู้จัก ไม่รู้จบ (Yak ruchak mai ru chop)
0%
No matching quizzes found
Score Distribution
Percent of People with Each Score
Percentile by Number Answered
Your Score History
You have not taken this quiz